Central Library OPAC University of Rajshahi

Zakir Husain a study / (Record no. 23630)

MARC details
000 -LEADER
fixed length control field 00634nam a22002292a 4500
001 - CONTROL NUMBER
control field 23630
003 - CONTROL NUMBER IDENTIFIER
rucl marc code Bd-RjUL
005 - DATE AND TIME OF LATEST TRANSACTION
control field 20211209000943.0
008 - FIXED-LENGTH DATA ELEMENTS--GENERAL INFORMATION
fixed length control field 140311s1970 ii b 000 0beng d
035 ## - SYSTEM CONTROL NUMBER
System control number (Bd-RjUL)23695
040 ## - CATALOGING SOURCE
Original cataloging agency DLC
Transcribing agency DLC
Modifying agency EQO
-- Bd-RjUL
Language of cataloging eng
041 ## - LANGUAGE CODE
Language code of text/sound track or separate title eng
082 00 - DEWEY DECIMAL CLASSIFICATION NUMBER
Classification number 954.040924
Edition number 19
Author mark and year ZAK 1971
245 #0 - TITLE STATEMENT
Title Zakir Husain a study /
Statement of responsibility, etc. edited by B.K. Ahluwalia
250 ## - EDITION STATEMENT
Edition statement [1st ed.]
260 ## - PUBLICATION, DISTRIBUTION, ETC. (IMPRINT)
Place of publication, distribution, etc. New Delhi :
Name of publisher, distributor, etc. Sterling pub. Ltd,
Date of publication, distribution, etc. 1971
300 ## - PHYSICAL DESCRIPTION
Pagination 1257p. ;
Size 23 cm
600 10 - SUBJECT ADDED ENTRY--PERSONAL NAME
Personal name Husain, Zakir,
Dates associated with a name 1897-1969
700 1# - ADDED ENTRY--PERSONAL NAME
Personal name Ahluwalia, B.K.
942 ## - ADDED ENTRY ELEMENTS (KOHA)
Source of classification or shelving scheme Dewey Decimal Classification
Koha item type Books
Holdings
Lost status Source of classification or shelving scheme Damaged status Not for loan Collection code Permanent Location Current Location Shelving location Date acquired Source of acquisition Cost, normal purchase price Total Checkouts Full call number Date last seen Copy number Koha item type
  Dewey Decimal Classification   Added to bundle Non-fiction Central Library, University of Rajshahi Central Library, University of Rajshahi Reading Room 22/04/1974 Book Centre 18.75   954.040924 ZAK 1971 11/03/2014 C-1 Books